Exportné aktivity konkrétnej firmy na zahraničných trhoch diplomová práca

Guardado en:
Detalles Bibliográficos
Autor principal: Borovská, Iveta
Autor Corporativo: Podnikovohospodárska fakulta EU so sídlom v Košiciach. Katedra marketingu a obchodu
Otros Autores: Daneshjo, Naqibullah, 1964-
Formato: Libro
Lenguaje:eslovaco
Publicado: Košice 2014
Etiquetas: Agregar Etiqueta
Sin Etiquetas, Sea el primero en etiquetar este registro!

MARC

LEADER 00000nbm a2200000 4500
001 0187099
005 20170201084747.6
041 0 |a slo 
044 |a SK 
245 1 0 |a Exportné aktivity konkrétnej firmy na zahraničných trhoch  |b diplomová práca  |c Iveta Borovská ; školiteľ: Naqibullah Daneshjo 
264 1 |a Košice  |c 2014 
300 |a 79 s. 
100 1 |a Borovská, Iveta 
700 1 |a Daneshjo, Naqibullah, 1964- 
710 2 |a Podnikovohospodárska fakulta EU so sídlom v Košiciach. Katedra marketingu a obchodu